1925- Trivia - Statistics

General Stats
  • This quiz has been taken 5 times
  • The average score is 8 of 27
Answer Stats
Hint Answer % Correct
Which famous car manufacturer introduced the "Model T" in 1925, one of the first pickup trucks? Ford
100%
What crucial vitamin was first isolated and identified in 1925, later linked to preventing rickets? Vitamin D
100%
The "Scopes Monkey Trial" centered around teaching what subject in schools? Evolution
80%
What major jazz figure, nicknamed “Satchmo,” made his first recordings with his Hot Five band? Louis Armstrong
80%
Which baseball legend hit his first home run at Yankee Stadium? Babe Ruth
60%
Who was sworn in as the 30th president in 1925, finishing Warren Harding's term? Calvin Coolidge
60%
What iconic women’s hairstyle became all the rage in 1925, symbolizing flapper culture? Bob
40%
What household technology started being sold in 1925 that would replace the icebox? Mechanical Refrigerator
40%
Which famous dance craze was popularized in 1925, associated with the Jazz Age? The Charleston
40%
Which classic silent horror film starring Lon Chaney premiered in 1925? The Phantom of the Opera
40%
Which mode of transportation began offering scheduled airship service between Germany and South America in 1925? The Zeppelin
40%
Who was known as Hollywood's first "it girl" and starred in the 1925 silent film, The Plastic Age? Clara Bow
20%
Which Parisian designer continued to revolutionize women’s fashion with simple, elegant designs and the rise of the “little black dress”? Coco Chanel
20%
Which famous civil rights leader was born in Omaha, Nebraska, in 1925? Malcolm X
20%
Which famous novel which uses the term "Old sport" 45 times, now considered a classic of American literature, was published in 1925? The Great Gatsby
20%
The first NFL championship game was still years away, but which team won the league title in 1925? Chicago Cardinals
0%
What popular invention was introduced to homes and helped cook food quicker in 1925? Electric Toaster
0%
Benito Mussolini made it clear that Italy was becoming what type of government? Fascist Dictatorship
0%
Which Ernest Hemingway short story collection was published in 1925, helping launch his career? In Our Time
0%
In 1925, which groundbreaking medical innovation started to replace the use of cocaine in surgery and dentistry? Local Anesthetics
0%
Who was the first woman to appear on the cover of Time magazine? Mirium Ferguson (TX Governor)
0%
What major work by Virginia Woolf, featuring a character with the first name Clarissa, was published in 1925? Mrs. Dalloway
0%
Which everyday household product, still used today for packaging and storage was patented in 1925? Scotch Tape
0%
What popular roadside invention first appeared this year, letting travelers fill up without an attendant? Self-Service Gas Pump
0%
Which Charlie Chaplin film, featuring the famous “bread roll dance”? The Gold Rush
0%
Which popular magazine published its first issue in 1925, with a dandy character named Eustace Tilley on the cover? The New Yorker
0%
The first diesel-powered locomotive was built in which country? United States
0%
No matching quizzes found
Score Distribution
Percent of People with Each Score
Percentile by Number Answered
Your Score History
You have not taken this quiz